| 000 | 00493nam a22001817a 4500 | ||
|---|---|---|---|
| 003 | KOHA_MİRAKIL | ||
| 005 | 20251209072322.0 | ||
| 008 | 251209b tu ||||| |||| 00| 0 tur d | ||
| 020 | _a9786258459043 | ||
| 040 |
_aTR-AnABB _btur _cTR-AnABB |
||
| 041 | _atur | ||
| 082 |
_a325.2108991992 _bERM 2022 |
||
| 245 | 1 | 0 | _aErmeni sevk ve iskânının yasal dayanakları 1876-1935 / |
| 260 |
_aAnkara : _c2022 |
||
| 300 |
_a357 sayfa ; _c27 cm |
||
| 650 | 0 | 4 | _aErmeni sorunu |
| 942 |
_2ddc _cBK |
||
| 999 |
_c9696 _d9696 |
||
| 900 | _bGizem YORULMAZ | ||